000 00783nam a2200217Ia 4500
008 130821s1956 xxua gr eng
040 _aCo-BoUCM
_bspa
041 0 0 _aeng
100 1 _aNeter, John
_9113141
245 1 0 _aFundamental statistics for business and economics
_cJohn Neter y William Wasserman
260 _aBoston (Massachusetts, Estados Unidos)
_bAllyn and Bacon
_c1956
300 _a838 páginas ix, 638 páginas
_bilustraciones, gráficas
500 _aDonación Dr. Álvaro Daza Roa.
500 _aIncluye índice.
650 0 4 _aAnálisis de datos
_98952
650 0 4 _aEstadística matemática
_914994
650 0 4 _aMatemáticas
_919031
700 1 _aWasserman, William
_9142425
942 _cLIBRO
_a7
_e1
_mN469f
_2DEWEY
_h310
999 _c72113
_d72113